The science of wealth, (Record no. 124020)
[ view plain ]
| 000 -LEADER | |
|---|---|
| fixed length control field | 00691cam a2200217u 4500 |
| 001 - CONTROL NUMBER | |
| control field | 8227477 |
| 003 - CONTROL NUMBER IDENTIFIER | |
| control field | ARRUPE |
| 005 - DATE AND TIME OF LATEST TRANSACTION | |
| control field | 20160204141010.0 |
| 008 - FIXED-LENGTH DATA ELEMENTS--GENERAL INFORMATION | |
| fixed length control field | 830302s1911 enka 000 0 eng |
| 010 ## - LIBRARY OF CONGRESS CONTROL NUMBER | |
| LC control number | 11016797 |
| 040 ## - CATALOGING SOURCE | |
| Original cataloging agency | DLC |
| Transcribing agency | CarP |
| Modifying agency | DLC |
| 050 00 - LIBRARY OF CONGRESS CALL NUMBER | |
| Classification number | SPC HB171.7 |
| Item number | .H6 |
| 300 ## - PHYSICAL DESCRIPTION | |
| Other physical details | diagrs. |
| Dimensions | 18 cm. |
| 100 1# - MAIN ENTRY--PERSONAL NAME | |
| Personal name | Hobson, J. A. |
| Fuller form of name | (John Atkinson), |
| Dates associated with a name | 1858-1940. |
| 9 (RLIN) | 21751 |
| 245 04 - TITLE STATEMENT | |
| Title | The science of wealth, |
| Statement of responsibility, etc | by Hobson, J. A. |
| 260 ## - PUBLICATION, DISTRIBUTION, ETC. (IMPRINT) | |
| Place of publication, distribution, etc | London, |
| Name of publisher, distributor, etc | Williams and Norgate |
| Date of publication, distribution, etc | [c1911] |
| 300 ## - PHYSICAL DESCRIPTION | |
| Extent | vii, [1], 9-256 p. |
| 440 ## - SERIES STATEMENT/ADDED ENTRY--TITLE | |
| Title | Home University Library of Modern Knowledge |
| 9 (RLIN) | 10346 |
| 650 #0 - SUBJECT ADDED ENTRY--TOPICAL TERM | |
| Topical term or geographic name as entry element | Economics. |
| 9 (RLIN) | 21752 |
| 906 ## - LOCAL DATA ELEMENT F, LDF (RLIN) | |
| a | 0 |
| b | cbc |
| c | premunv |
| d | u |
| e | ncip |
| f | 19 |
| g | y-gencatlg |
| 942 ## - ADDED ENTRY ELEMENTS (KOHA) | |
| Source of classification or shelving scheme | Library of Congress Classification |
| Koha item type | Monograph ( Printed materials) |
| Withdrawn status | Lost status | Source of classification or shelving scheme | Damaged status | Not for loan | Collection code | Home library | Current library | Shelving location | Date acquired | Total Checkouts | Full call number | Barcode | Date last seen | Price effective from | Koha item type |
|---|---|---|---|---|---|---|---|---|---|---|---|---|---|---|---|
| Library of Congress Classification | Main Collection | ARRUPE LIBRARY | ARRUPE LIBRARY | Main Collection | 26/01/2016 | SPC HB171.7H6 | 46500006021 | 26/01/2016 | 26/01/2016 | Monograph ( Printed materials) |